| 000 | 00388nam a2200109Ia 4500 | ||
|---|---|---|---|
| 008 | 171211s9999 xx 000 0 und d | ||
| 245 | _aCodifying the National Self: Spectators, Actors, and the American Dramatic Text | ||
| 245 | _cBarbara Ozieblo, Marc Maufort, and Maria Dolores Narbona-Carrion | ||
| 260 | _c2006 | ||
| 650 | _xART | ||
| 856 | _uhttp://down.ebook777.com/061/0820466735.pdf | ||
| 999 |
_c348590 _d348590 |
||